Modern Communications Receiver Design and Technology / (Record no. 17135)
[ view plain ]
| 000 -LEADER | |
|---|---|
| fixed length control field | 00834cam a2200253 a 4500 |
| 001 - CONTROL NUMBER | |
| control field | 015683154 |
| 003 - CONTROL NUMBER IDENTIFIER | |
| control field | Uk |
| 005 - DATE AND TIME OF LATEST TRANSACTION | |
| control field | 20121213110539.0 |
| 008 - FIXED-LENGTH DATA ELEMENTS--GENERAL INFORMATION | |
| fixed length control field | 100508s2010 maua b |0|1 0|eng d |
| 015 ## - NATIONAL BIBLIOGRAPHY NUMBER | |
| National bibliography number | GBB0D5382 |
| Source | bnb |
| 020 ## - INTERNATIONAL STANDARD BOOK NUMBER | |
| International Standard Book Number | 1596933097 |
| 020 ## - INTERNATIONAL STANDARD BOOK NUMBER | |
| International Standard Book Number | 9781596933095 |
| 082 04 - DEWEY DECIMAL CLASSIFICATION NUMBER | |
| Classification number | 621.38418 |
| Edition number | 23 |
| Item number | DRE |
| 100 1# - MAIN ENTRY--PERSONAL NAME | |
| Personal name | Drentea, Cornell. |
| 9 (RLIN) | 31688 |
| 245 10 - TITLE STATEMENT | |
| Title | Modern Communications Receiver Design and Technology / |
| Statement of responsibility, etc | Cornell Drentea. |
| 260 ## - PUBLICATION, DISTRIBUTION, ETC. (IMPRINT) | |
| Place of publication, distribution, etc | Norwood, Mass. : |
| Name of publisher, distributor, etc | Artech House, |
| Date of publication, distribution, etc | c2010. |
| 300 ## - PHYSICAL DESCRIPTION | |
| Extent | xxi, 462 p. : |
| Other physical details | ill. ; |
| Dimensions | 27 cm. |
| 490 0# - Series Statement | |
| Series statement | Artech House intelligence and information operations series |
| 504 ## - BIBLIOGRAPHY, ETC. NOTE | |
| Bibliography, etc | Includes bibliographic references and index. |
| 650 #0 - SUBJECT ADDED ENTRY--TOPICAL TERM | |
| Topical term or geographic name as entry element | Radio |
| General subdivision | Receivers and reception. |
| 9 (RLIN) | 31689 |
| 650 #0 - SUBJECT ADDED ENTRY--TOPICAL TERM | |
| Topical term or geographic name as entry element | Radio |
| General subdivision | Design and construction. |
| 9 (RLIN) | 31690 |
| 653 ## - INDEX TERM--UNCONTROLLED | |
| Resource For college | |
| Arrived date list | December2012 |
| 942 ## - ADDED ENTRY ELEMENTS (KOHA) | |
| Source of classification or shelving scheme | Dewey Decimal Classification |
| Item type | Book - Borrowing |
| Withdrawn status | Item status | Source of classification or shelving scheme | Damaged status | Not for loan | Vendor | Home library | Current library | Shelving location | Date acquired | Source of acquisition | Cost, normal purchase price | Serial Enumeration / chronology | Total Checkouts | Total Renewals | Full call number | Barcode | Date last seen | Date last borrowed | Koha item type |
|---|---|---|---|---|---|---|---|---|---|---|---|---|---|---|---|---|---|---|---|
| Dewey Decimal Classification | Baccah | Central Library | Central Library | First floor | 13/12/2012 | 980.00 | 16606 | 1 | 5 | 621.38418 DRE | 000027875 | 15/07/2025 | 23/01/2013 | Book - Borrowing |